000 00698nam a2200265Ia 4500
001 35320
005 20240114001810.0
007 ta
008 070317s1896 a g b000 u 465 u
040 _aCotton College Assam
041 _a465
082 _a928.1
_bJ 637 L
100 _aJohnson, Samuel .
245 0 _aThe Lives of the Most Eminent English Poets /
_cSamuel Johnson.
_hTextual Documents
250 _a1st ed. /
260 _aLondon :
_bMetheen & Co Ltd ,
_c1896.
300 _a3v.;277p. :
_bill ;
_c22cm .
653 _aBiography-Poet
653 _aG-Biography
942 _2ddc
_cBK
999 _c35302
_d35302